01137nam a2200193Ia 4500001001000000003001000010008004100020040002500061041001300086100002800099245002800127250001100155260006600166300002700232500026800259501011400527520026800641650003400909L235-7310IT-CnALBA170116s9999||||xx |||||||||||||| ||und|| aIT-CnALBAcIT-CnALBA aITALIANO aVONIER ANSCAR DOM, OSB. 0aLA MATERNITÀ DIVINA.  a1a ed. aCINISELLO BALSAMO (MI)bEDIZIONI PAOLINEc1965 [1° Ed.:1965] a104 p. (prefazione: 7) aTRADUZIONE DALL'INGLESE DI G. MARIANI. SANTITÀ PERSONALE DI MARIA. MATERNITÀ DI ELISABETTA E DI MARIA. L'ALBERO DI JESSE. DUPLICE NASCITA DEL FIGLIO DI DIO. MESSAGGERO UMANO. DIVINA MATERNITÀ. DOLCEZZA E POTERE SPERANZA E MERAVIGLIA DELLA MATERNITÀ DIVINA aSocietà San Paolo EM - Piazza San Paolo, 14 - 12051 ALBA (CN) (non commercial uses only) ® Copyright 2017 aTRADUZIONE DALL'INGLESE DI G. MARIANI. SANTITÀ PERSONALE DI MARIA. MATERNITÀ DI ELISABETTA E DI MARIA. L'ALBERO DI JESSE. DUPLICE NASCITA DEL FIGLIO DI DIO. MESSAGGERO UMANO. DIVINA MATERNITÀ. DOLCEZZA E POTERE SPERANZA E MERAVIGLIA DELLA MATERNITÀ DIVINA aMARIA SS. ANGELI SANTI DEMONI